Inovácie ako zdroj konkurenčnej výhody pre firmu Inditex Group diplomová práca

Saved in:
Bibliographic Details
Main Author: Uhnáková, Eliška
Corporate Author: Obchodná fakulta EU. Katedra tovaroznalectva a kvality tovaru
Other Authors: Knošková, Ľubica, 1965-
Format: Book
Language:Slovak
Published: Bratislava 2013
Tags: Add Tag
No Tags, Be the first to tag this record!

MARC

LEADER 00000nbm a2200000 4500
001 0169397
005 20161109102301.7
041 0 |a slo 
044 |a SK 
245 1 0 |a Inovácie ako zdroj konkurenčnej výhody pre firmu Inditex Group  |b diplomová práca  |c Eliška Uhnáková ; školiteľ: Ľubica Knošková 
264 1 |a Bratislava  |c 2013 
300 |a 76 s. 
100 1 |a Uhnáková, Eliška 
700 1 |a Knošková, Ľubica, 1965- 
710 2 |a Obchodná fakulta EU. Katedra tovaroznalectva a kvality tovaru